|
|
|
|
| LEADER |
00000nab a2200000ua 4500 |
| 001 |
vtls010849318 |
| 003 |
SK-MaSNL |
| 005 |
20260305020219.0 |
| 008 |
230218s1990 xo |||||||||||||||||eng| |
| 035 |
|
|
|a (urnnbn)urn:nbn:sk:snk:ar-a079h8
|
| 035 |
|
|
|a urn:nbn:sk:snk-ab6a1m
|
| 035 |
|
|
|a (uuid)ca2cf510-f0d6-4930-b705-82422a8dcdfc
|
| 040 |
|
|
|a SNKBUCL
|b slo
|c SNKBUCL
|e AACR2
|
| 041 |
0 |
|
|a eng
|
| 044 |
|
|
|a xo
|c SK
|
| 100 |
1 |
|
|a Vozárová, Anna,
|d 1943-
|4 aut
|9 5212
|
| 245 |
1 |
0 |
|a DEVELOPMENT OF METAMORPHISM IN THE GEMERIC/VEPORIC CONTACT ZONE (WESTERN CARPATHIANS)
|c Anna Vozárová, Ľ. Böhmer
|
| 700 |
1 |
|
|a Böhmer, Ľ.
|4 trl
|9 384830
|
| 773 |
0 |
|
|t Geologický zborník
|g Roč. 41, č. 5 (1990), s. [475]-502
|
| 958 |
|
|
|a OND
|
| 958 |
|
|
|a EUIPO
|
| 958 |
|
|
|a article5
|
| 999 |
|
|
|c 3279539
|d 3281469
|